000 00327nam a2200145Ia 4500
003 OSt
005 20231230054025.0
008 170524s9999 xx 000 0 und d
020 _a8176253294
040 _cIIMT UNIVERSITY
100 _amark galer
245 0 _afundamental for art design
260 _boxford
942 _2ddc
_c02
999 _c9180
_d9180